Účtovníctvo - Audítorstvo - Daňovníctvo: mimoriadne číslo
Daňové priznania za rok 2001 a zmeny v daňových zákonoch od 1. 1. 2002 s príkladmi.
Guardado en:
| Formato: | Capítulo de libro |
|---|---|
| Lenguaje: | eslovaco |
| Materias: | |
| Etiquetas: |
Sin Etiquetas, Sea el primero en etiquetar este registro!
|
MARC
| LEADER | 00000naa a2200000 4500 | ||
|---|---|---|---|
| 001 | r044198 | ||
| 005 | 20231002074521.6 | ||
| 041 | 0 | |a slo | |
| 044 | |a SK | ||
| 245 | 1 | 0 | |a Účtovníctvo - Audítorstvo - Daňovníctvo: mimoriadne číslo |
| 520 | |a Daňové priznania za rok 2001 a zmeny v daňových zákonoch od 1. 1. 2002 s príkladmi. | ||
| 610 | 2 | 0 | |a dane |
| 610 | 2 | 0 | |a priznania daňové |
| 610 | 2 | 0 | |a zákony |
| 610 | 2 | 0 | |a novelizácia |
| 610 | 2 | 0 | |a osoby fyzické |
| 610 | 2 | 0 | |a osoby právnické |
| 610 | 2 | 0 | |a 2001 |
| 610 | 2 | 0 | |a 2002 |